000 00937cam a2200241 a 4500
001 000017976
005 20200929165312.0
008 980401s1997 mx a 000 p spa d
035 _a(DLC) 98133742
040 _aDO-SdBNP
_cDLC
082 _a861.64
_bR173A
100 1 _aArias de la Canal, Fredo,
_98096
245 1 3 _aLa locura en la poesía cósmica de Antonio Ramírez Fernández /
_cEdición de Berenice Garmendia Ramírez.
260 _aMéxico :
_bFrente de Afirmación Hispanista,
_c1997.
300 _axxxi, 235 p. :
_bil. ;
_c21 cm.
600 1 0 _aRAMÍREZ FERNÁNDEZ, ANTONIO,
_d1956
_xCRÍTICA E INTERPRETACIÓN
_938967
650 4 _aPoesía española
_xHistoria y crítica
_98687
650 4 _aAutor español
_xCrítica e interpretación
_938968
650 4 _aLiteratura española
_xHistoria y crítica
_93904
700 1 _aRamírez, Berenice Garmendia
_eed.
_938969
910 _aCatalogación por copia / LC
049 _aBNGR
999 _c17498
_d17498